000
00298nam a2200133Ia 4500
100
_a
PARR/ANDREW
942
_c
BK
366
_f
25
654
_a
hydraulics
245
_a
Hydraulics and pneumatics:A technicians and engineeris guide
260
_b
Jaico
_c
2005
300
_a
223
546
_a
ENGLISH
999
_c
29731
_d
29731